01221cam a2200289 a 450000100100000000500170001000800410002702000150006804000250008304100380010808200150014610000350016124000520019624501040024826000570035230000280040953400590043765000220049665000220051865000360054065000330057670000370060991000340064695201180068095201180079899900150091600000169620250520113530.0760805s1977 mx a b 001 0 spa  a0070431361 aDO-SdBNPbspacBNPHU17aspaheng2código de idioma Marc a150bM847b1 aMorgan, Clifford Thomas.9551812aA Brief Introduction to Psychology.lEspañol.10aBreve introducción a la psicología /cClifford T. Morgan ; traducción de Agustín Bárcena. aMéxico, D. F. :b[Universidad de Texas],c[1977]?. a475 p. :bil. ;c20 cm. aTítulo original:tA Brief Introduction to Psychology 4aPsychology.95519 0aPsicología9152 4aPsicologíaxEnseñanza95520 4aPruebas psicológicas919601 aBárcena, Agustín,etr.95521 aCatalogación original noche 001052708MOaGRbGRcHDd2009-07-03iLF1l0o150 M847bp1696-10r2020-06-25w2020-06-25y2ZPréstamo interno 001050718MOaGRbGRcHDd2013-10-03iLF1l0o150 M847bp1696-20r2020-06-25te. 2w2020-06-25y1ZNo se presta c1577d1577